Grondbeginselen der Nederlandsche spraakkunst, naar de grondstellingen der beroemdste volksonderwijzers, bewerkt ten gebruike der lagere scholen

Saved in:
Bibliographic Details
Main Author: GERMAIN [Auguste Joseph] Leeraar bij de normaalschool van Brugge en bestuurder der gemeentescholen dezer stad
Format: Unknown
Language:Dutch
Published: Brugge Snelpersdrukkerij Jan Cuypers 1876
Edition:zevende, verbeterde uitgave
Textbook Catalogue:MANES:  Library Catalog Search Result
Textbook Classification:
Subjects:
Tags: Add Tag
No Tags, Be the first to tag this record!
Added to:2016-04-26

MARC

LEADER 000000000a22000000004500
001 22965
008 160427s be ||||| |||| 00| 0 dut d
040 |a manes  |c manes 
041 |a Neerlandés 
100 1 |a GERMAIN [Auguste Joseph]  |b Leeraar bij de normaalschool van Brugge en bestuurder der gemeentescholen dezer stad 
245 0 0 |a Grondbeginselen der Nederlandsche spraakkunst, naar de grondstellingen der beroemdste volksonderwijzers, bewerkt ten gebruike der lagere scholen 
250 |a zevende, verbeterde uitgave 
260 3 |a Brugge  |b Snelpersdrukkerij Jan Cuypers  |c 1876 
300 |a 120 p. 
500 |a Goedgekeurd en aangenomen voor het gebruik der scholen door de Centrale Commissie van het Lager Onderwijs  |a Libro para la formación de maestros  |a OA 
546 |a Bélgica 
655 7 |a Primaria 
942 |2 ddc  |c BK 
999 |c 45293  |d 45293 
999 |c manes:45293  |d 45293